| 000 | 00667nam a2200241Ia 4500 | ||
|---|---|---|---|
| 005 | 20251020182503.0 | ||
| 008 | 200515s9999 xx 000 0 und d | ||
| 020 | _a978-84-8448-655-8 | ||
| 082 | _a625.737/O45 | ||
| 100 | _aOlmos Martínez, Pedro J. | ||
| 245 | 0 | _aDiseño de estructuras de contención | |
| 260 | _aValladolid | ||
| 260 | _bSecretariado de Publicaciones e Intercambio Editor | ||
| 260 | _c2011 | ||
| 300 | _a241 p. | ||
| 300 | _bil., tbl., graf. | ||
| 490 | _aMANUALES Y TEXTOS UNIVERSITARIOS. ARQUITECTURA, n° 7 | ||
| 500 | _a1 ejemplar | ||
| 650 | _aESTRUCTURAS | ||
| 650 | _aMUROS DE CONTENCION | ||
| 942 | _cLIB | ||
| 999 |
_c1211 _d1211 |
||